Primeras jornadas de gestión del patrimonio local [Recurs electrònic] : El patrimonio documental El patrimonio documental
Descripción Física:
1 disc òptic (CD-ROM) ; 12 cm
Otros Autores:
Còrdova. Ajuntament. Arxiu Municipal
MARC
| LEADER | 00000nam a2200000Ia 4500 | ||
|---|---|---|---|
| 001 | 18039 | ||
| 003 | BGR | ||
| 005 | 20260324175330.0 | ||
| 008 | 160829s2001 xx 000 0 cat d | ||
| 080 | |a CD-1-22 | ||
| 111 | |a Jornadas Nacionales de Gestión del Patrimonio Local |9 71229 |c (Còrdova : |d 2001) | ||
| 245 | |a Primeras jornadas de gestión del patrimonio local [Recurs electrònic] : |b El patrimonio documental | ||
| 260 | |a Còrdova : |b Ayuntamiento. Arxiu Municipal, |c 2001 | ||
| 300 | |a 1 disc òptic (CD-ROM) ; |c 12 cm | ||
| 590 | |a Inclou ponències, presentacions i taula rodona | ||
| 590 | |a Autoexecutable | ||
| 650 | |a Gestió cultural |x Congressos |9 27478 | ||
| 650 | 0 | |a Patrimoni cultural |9 27184 | |
| 700 | |a Còrdova. Ajuntament. Arxiu Municipal |9 27479 | ||
| 901 | |a Arxiu | ||
| 942 | |n 1 |2 udc |c JC | ||
| 952 | |0 0 |1 0 |4 0 |6 CD122 |7 1 |9 44405 |a Arxiu |b Arxiu |d 2016-12-01 |l 0 |o CD-1-22 |p 18039 |r 2016-12-01 00:00:00 |w 2016-12-01 |y ARXIU | ||
| 999 | |c 46986 |d 46986 | ||